| 000 -LEADER |
| fixed length control field |
00712nam a2200229Ia 4500 |
| 001 - CONTROL NUMBER |
| control field |
1038 |
| 003 - CONTROL NUMBER IDENTIFIER |
| control field |
GE_BSU |
| 008 - FIXED-LENGTH DATA ELEMENTS--GENERAL INFORMATION |
| fixed length control field |
181216s||||||||xx |||||||||||||| ||und|| |
| 040 ## - CATALOGING SOURCE |
| Transcribing agency |
GE_BSU |
| 080 ## - UNIVERSAL DECIMAL CLASSIFICATION NUMBER |
| Universal Decimal Classification number |
597.2/5 |
| 245 ## - TITLE STATEMENT |
| Title |
Определитель паразитов пресноводных рыб фауны СССР |
| 245 ## - TITLE STATEMENT |
| Remainder of title |
Паразитические простейшие.1. |
| 245 ## - TITLE STATEMENT |
| Statement of responsibility, etc. |
Под ред. О.Н.Бауера |
| 260 ## - PUBLICATION, DISTRIBUTION, ETC. |
| Place of publication, distribution, etc. |
Ленинград |
| 260 ## - PUBLICATION, DISTRIBUTION, ETC. |
| Name of publisher, distributor, etc. |
Наука |
| 260 ## - PUBLICATION, DISTRIBUTION, ETC. |
| Date of publication, distribution, etc. |
1984 |
| 300 ## - PHYSICAL DESCRIPTION |
| Extent |
532стр. |
| 653 ## - INDEX TERM--UNCONTROLLED |
| Uncontrolled term |
Определитель паразитов пресноводных рыб фауны СССР |
| 653 ## - INDEX TERM--UNCONTROLLED |
| Uncontrolled term |
Фауна |
| 942 ## - ADDED ENTRY ELEMENTS (KOHA) |
| Koha item type |
წიგნი |